Statistics for Pairs #23

Click here to take the quiz!

General Stats

  • This quiz has been taken 48 times
  • The average score is 16 of 25

Answer Stats

HintAnswer% Correct
ProsCons
97%
HimHer
95%
HotCold
92%
ToothNail
89%
ByBy
87%
ForeverEver
87%
SlipFall
84%
RoundRound
82%
SickTired
79%
BigBold
76%
AnyEvery
76%
ApplesPears
74%
TimeA half
71%
SuaveDebonair
71%
CutDried
71%
BallSocket
61%
PrizeBooty
55%
TickTie
53%
BaconCabbage
47%
MotherhoodApple pie
37%
CapBall
37%
CakesAle
32%
ChipCharge
32%
BagBand
24%
BloodOuns
21%

Score Distribution

Percentile by Number Answered

Percent of People with Each Score

Your Score History

You have not taken this quiz